| 000 | 01198nam a2200313Ii 4500 | ||
|---|---|---|---|
| 001 | 1260204531 | ||
| 003 | AUA.1 | ||
| 005 | 20260312205328.0 | ||
| 008 | 210714s2008 mdu 000 0 spa d | ||
| 020 | _a9781575548807 | ||
| 035 | _a(OCoLC)1260204531 | ||
| 040 |
_aEXN _beng _cEXN _dJTL |
||
| 041 | _aSpanish | ||
| 050 |
_aBX6146.G711 _bS6 2011 |
||
| 100 | 1 |
_aWhite, Ellen G., _d1827-1915. |
|
| 240 | 0 | 0 |
_aGreat controversy. _lSpanish. |
| 245 | 1 | 3 |
_aEl conflicto de los siglos / _cE. G. White. |
| 260 |
_aDoral, Florida : _bAsociación Publicadora Interamericana, _c2011. |
||
| 300 |
_a671 pages ; _c21 cm. |
||
| 500 | _aSpanish Translation of : The great controversy. | ||
| 520 | _a"This book is not about church doctrine but it is about the battle between good and evil, the battle that all must contend with daily. This book will lead you to a better life." -- Great Controversy Project website. | ||
| 630 | 0 | 0 |
_aBible _xProphecies. |
| 650 | 0 |
_aSeventh-Day Adventists _xDoctrines. |
|
| 650 | 0 | _aChurch history. | |
| 650 | 0 | _aEschatology. | |
| 650 | 0 | _aEnd of the world. | |
| 650 | 0 | _aSpanish language materials. | |
| 942 |
_2lcc _cBOOK _hBX 6146 .G711 _iS6 2011 |
||
| 999 |
_c25324 _d25324 |
||